000 00916nam a2200241 a 4500
001 18837994
008 161114s2017 ||||||||||||||||| || u
010 _a2015040055
020 _a9781483383231
050 _aBF 76.7 Sch
100 _aLandrum, R. Eric
245 1 3 _aAn easy guide to APA style. (3rd ed.)
_cBeth M. Schwartz; R. Eric Landrum; Regan A.R. Gurung
250 _a3e [edition]
260 _aLos Angeles:
_bSAGE Publications
_c2017
300 _axviii, 304 p.: ill.
350 _a40.00
500 _aIncludes bibliographical references (pages 287-290) and index.
650 _aAUTHORSHIP--HANDBOOKS, MANUALS, ETC
650 _aAPA STYLE--AUTHORSHIP--STYLE MANUALS
700 _aSchwartz Beth M
700 _aGurung, Regan A. R
995 _D37.00
_FCBU-MAIN LIBRARY (Kitwe)
_M1
_UAVAILABLE
_WNov 14, 2016
_ZMain Library Open Access Collection
999 _c40675
_d40675